| 000 | 00430pab a2200169 454500 | ||
|---|---|---|---|
| 008 | 180718b2006 xxu||||| |||| 00| 0 eng d | ||
| 100 | _aKono, Daniel Y. | ||
| 245 | _aOptimal obfuscation: democracy and trade policy transparency | ||
| 260 | _c2006 | ||
| 300 | _ap.369-84. | ||
| 362 | _aAug | ||
| 650 | _aTrade | ||
| 650 | _aFree trade | ||
| 650 | _aDemocracy | ||
| 773 | _aAmerican Political Science Review | ||
| 909 | _a71696 | ||
| 999 |
_c71696 _d71696 |
||